Construction cost index (Record no. 120753)

MARC details
000 -LEADER
fixed length control field 00978cai a22001935a 4500
001 - CONTROL NUMBER
control field L146224
008 - FIXED-LENGTH DATA ELEMENTS--GENERAL INFORMATION
fixed length control field 081217u au g 000 0 eng d
035 ## - SYSTEM CONTROL NUMBER
System control number (Sirsi) u146224
041 0# - LANGUAGE CODE
Language code of text/sound track or separate title eng
110 2# - MAIN ENTRY--CORPORATE NAME
Corporate name or jurisdiction name as entry element Statistics Austria
9 (RLIN) 5674
245 00 - TITLE STATEMENT
Title Construction cost index
Medium [electronic resource]
520 ## - SUMMARY, ETC.
Summary, etc. Section of the Statistics Austria website. Provides information on construction cost indices in Austria. Statistics Austria gives figures on the Austrian economy and European indicators such as European Union structural indicators, Euro indicators, Principle European Economic Indicators (PEEI), and sustainable development indicators. Website in English and German.
590 ## - LOCAL NOTE (RLIN)
Local note KA
650 24 - SUBJECT ADDED ENTRY--TOPICAL TERM
Topical term or geographic name entry element BUILDING COST INDEX
651 #4 - SUBJECT ADDED ENTRY--GEOGRAPHIC NAME
Geographic name Austria
690 ## - LOCAL SUBJECT ADDED ENTRY--TOPICAL TERM (OCLC, RLIN)
Topical term or geographic name as entry element BUILT ENVIRONMENT-CONSTRUCTION MARKET
856 40 - ELECTRONIC LOCATION AND ACCESS
Uniform Resource Identifier <a href="https://www.statistik.at/web_en/statistics/Prices/construction_costs_index/index.html">https://www.statistik.at/web_en/statistics/Prices/construction_costs_index/index.html</a>
Public note View the site free of charge online at www.statistik.at...
942 ## - ADDED ENTRY ELEMENTS (KOHA)
Suppress in OPAC 0
Holdings
Withdrawn status Lost status Source of classification or shelving scheme Damaged status Not for loan Home library Current library Shelving location Date acquired Total Checkouts Full call number Barcode Date last seen Copy number Price effective from Koha item type
    Dewey Decimal Classification     Virtual Virtual Online 17/12/2008   ONLINE PUBLICATION 146224-2001 06/08/2019 1 06/08/2019 Online material